Online
Catalog

Reto sociologíco del profesional dominicano: especialización vs. generalización. (Record no. 28806)

MARC details
000 -CABECERA
campo de control de longitud fija 00767nam a2200169 a 4500
001 - NÚMERO DE CONTROL
campo de control 000029314
005 - FECHA Y HORA DE LA ÚLTIMA TRANSACCIÓN
campo de control 20200930055453.0
008 - DATOS DE LONGITUD FIJA--INFORMACIÓN GENERAL
campo de control de longitud fija 110414s1983 dr 000 0 spa d
040 ## - FUENTE DE LA CATALOGACIÓN
Centro catalogador/agencia de origen DO-SdBNP
Lengua de catalogación spa
Centro/agencia transcriptor BNPHU
082 ## - NÚMERO DE LA CLASIFICACIÓN DECIMAL DEWEY
Número de clasificación xxxx
Número de documento/Ítem B271r
049 ## - FONDOS LOCALES (OCLC)
Fondos de biblioteca BNPD
100 1# - ENTRADA PRINCIPAL--NOMBRE DE PERSONA
Nombre de persona Barreiro, Teofilo
9 (RLIN) 21610
245 10 - MENCIÓN DE TÍTULO
Título Reto sociologíco del profesional dominicano: especialización vs. generalización.
260 ## - PUBLICACIÓN, DISTRIBUCIÓN, ETC.
Lugar de publicación, distribución, etc. [Santo Domingo] :
Nombre del editor, distribuidor, etc. Centro de Estudios Menetarios y Bancarios (CEMYB),
Fecha de publicación, distribución, etc. [1983].
300 ## - DESCRIPCIÓN FÍSICA
Extensión 7 p. ;
Dimensiones 22 cm.
500 ## - NOTA GENERAL
Nota general Esta conferencia fue pronunciada por Teófilo Barreiro en ocasión del acto de graduación del Centro de Estudios Monetarios y Bancarios (CEMYB), celebrado el miercoles 9 de noviembre de 1983, en los salones del Instituto Espaillat Cabral
Holdings
Estado de retiro Estado de pérdida No para préstamo Código de colección Localización permanente Ubicación/localización actual Ubicación en estantería Fecha de adquisición Número de inventario Total de préstamos Signatura topográfica completa Código de barras Fecha visto por última vez Precio válido a partir de Tipo de ítem Koha
    Excluido de préstamo Patrimonio Dominicano Patrimonio Dominicano Patrimonio Dominicano En catalogación 14.04.2011 LF1   xxxx B271r 29314-10 25.06.2020 25.06.2020 Libro y Folleto Colección Patrimonio Dominicano

Powered by Koha